000 00631nam a2200217 a 4500
001 BRCA_6722
005 20190320205551.0
008 191011s1911----fr-#######---#000-0#spa-#
041 _aspa
044 _afr
050 4 _aSK35
_b.L66
_c1911
245 1 0 _aCaza Mexicana
_bobra escrita con retratos y fotografías de varios cazadores del país
_cCarlos M. López, Carlos López
260 _aParís
_bVda. de C. Bouret
_c1911
300 _a629 p.
_bil. (mapas)
_c21 cm.
500 _aI98
650 1 4 _aCaza
_916791
650 1 4 _aPerros
_xRazas
_912887
700 1 _aLópez, Carlos
_eCoautor
_916792
902 _aGFM
942 _2lcc
_cB
999 _c6405
_d6405